Loading...
Literature - British Literature | 5 | 2 | 0 | 0 | 95 | 34 | 66.86 | 7 | 7 |
Literature - American Literature | 3 | 5 | 0 | 0 | 95 | 32 | 79.00 | 7 | 8 |
Visual Arts | 4 | 3 | 0 | 2 | 90 | 46 | 83.00 | 7 | 7 |
Auditory Arts | 1 | 5 | 0 | 0 | 65 | 79 | 88.17 | 6 | 6 |
Fine Arts - Other Arts | 2 | 4 | 1 | 1 | 65 | 57 | 79.83 | 4 | 6 |
Literature - World Literature | 3 | 2 | 0 | 0 | 65 | 36 | 77.20 | 4 | 5 |
Philosophy | 2 | 3 | 0 | 1 | 60 | 63 | 91.40 | 3 | 5 |
Science - Biology | 0 | 5 | 0 | 1 | 50 | 93 | 110.60 | 3 | 5 |
Literature - European Literature | 2 | 3 | 2 | 0 | 50 | 36 | 65.40 | 5 | 5 |
Beliefs | 0 | 4 | 0 | 1 | 40 | 91 | 101.75 | 3 | 4 |
Social Science | 0 | 5 | 2 | 0 | 40 | 88 | 96.00 | 4 | 5 |
History - European History | 1 | 1 | 0 | 1 | 25 | 53 | 88.50 | 2 | 2 |
Science - Physics | 0 | 2 | 0 | 1 | 20 | 112 | 121.00 | 1 | 2 |
Other Academic | 0 | 1 | 0 | 0 | 10 | 65 | 65.00 | 1 | 1 |
Science - Chemistry | 0 | 2 | 2 | 0 | 10 | 108 | 114.50 | 2 | 2 |
Science - Other Science | 0 | 1 | 0 | 0 | 10 | 92 | 92.00 | 1 | 1 |
History - American History | 0 | 1 | 1 | 0 | 5 | 105 | 105.00 | 1 | 1 |
History - Other History | 0 | 0 | 1 | 0 | -5 | 0.00 | 0 | 0 | |
History - Ancient History | 0 | 0 | 1 | 0 | -5 | 0.00 | 0 | 0 | |
History - World History | 0 | 0 | 1 | 0 | -5 | 0.00 | 0 | 0 |